Home Print Resources E-Books E-Journals IIMT Lecture Series Library Membership Form Book Recommendation Form Campus Tour Take AdmissionAbout Us Contact Us

INDIAN ECONOMY FOR CIVIL SERVICES & OTHER COMPETITIVE EXAMINATION (Record no. 64731)

000 -LEADER
fixed length control field 00458nam a22001577a 4500
003 - CONTROL NUMBER IDENTIFIER
control field OSt
005 - DATE AND TIME OF LATEST TRANSACTION
control field 20241204164749.0
008 - FIXED-LENGTH DATA ELEMENTS--GENERAL INFORMATION
fixed length control field 241204b |||||||| |||| 00| 0 eng d
020 ## - INTERNATIONAL STANDARD BOOK NUMBER
International Standard Book Number 9789355327208
040 ## - CATALOGING SOURCE
Transcribing agency IIMT UNIVERSITY MEERUT
100 ## - MAIN ENTRY--PERSONAL NAME
Personal name SINGH RAMESH
245 ## - TITLE STATEMENT
Title INDIAN ECONOMY FOR CIVIL SERVICES & OTHER COMPETITIVE EXAMINATION
260 ## - PUBLICATION, DISTRIBUTION, ETC.
Place of publication, distribution, etc. MC.GRAW HILL DELHI
Name of publisher, distributor, etc. MC.GRAW HILL DELHI
Date of publication, distribution, etc. MC.GRAW HILL DELHI
300 ## - PHYSICAL DESCRIPTION
Extent 498
942 ## - ADDED ENTRY ELEMENTS (KOHA)
Source of classification or shelving scheme
Koha item type Text-Book- for 7 days
Edition 16TH
Holdings
Withdrawn status Lost status Source of classification or shelving scheme Damaged status Not for loan Home library Current library Date acquired Source of acquisition Inventory number Total Checkouts Barcode Date last seen Date last checked out Uniform Resource Identifier Price effective from Koha item type
          IIMT University Central Library Meerut IIMT University Central Library Meerut 12/03/2024 ARISTA HO/IN/88/30-11-2024 11 01-B-143172 06/12/2025 06/04/2025 Indian Economy 12/04/2024 Text-Book- for 7 days
          IIMT University Central Library Meerut IIMT University Central Library Meerut 12/03/2024 ARISTA HO/IN/88/30-11-2024   01-B-143173 12/04/2024   Indian Economy 12/04/2024 Text-Book- for 7 days
          IIMT University Central Library Meerut IIMT University Central Library Meerut 12/03/2024 ARISTA HO/IN/88/30-11-2024   01-B-143174 12/04/2024   Indian Economy 12/04/2024 Text-Book- for 7 days
          IIMT University Central Library Meerut IIMT University Central Library Meerut 12/03/2024 ARISTA HO/IN/88/30-11-2024   01-B-143175 12/04/2024   Indian Economy 12/04/2024 Text-Book- for 7 days
          IIMT University Central Library Meerut IIMT University Central Library Meerut 12/03/2024 ARISTA HO/IN/88/30-11-2024   01-B-143176 12/04/2024   Indian Economy 12/04/2024 Text-Book- for 7 days
IIMT, Central Library. All Rights Reserved IIMT,UNIVERSITY © 2023
Implemented and Customised by I CLOUDE EMS
You Are OPAC Visitor No
free web counter

Powered by Koha